000 00965nam a2200373Ia 4500
001 5899
005 20240113233853.0
007 ta
008 050623s1977 a g b000 u eng u
020 _a0 19 561598 0
040 _aCotton College Assam
041 _aeng
082 _a420
_bJ 494 G
100 _aJespersen, Otto .
245 0 _aGrowth and Structure of the English Language /
_cOtto Jespersen.
_hTextual Documents
250 _a9th ed. /
260 _aCalcutta :
_bOxford Universsity Press ,
_c1977.
300 _aiv, 244p. :
_bill. ;
_c18cm .
504 _aIndex
653 _aEnglish language
653 _aLanguage-English, Growth and Structure
653 _aG-Languages
653 _aT/G-Language
942 _2ddc
_cBK
999 _c5886
_d5886